000 00515nam a22001577a 4500
003 PILC
005 20151020132240.0
008 131001t xxu||||| |||| 00| 0 eng d
050 _aDT 43
_b.SE439 1993
082 _aGS 909
_b.In1 1993
245 _aIn search of King Tut's tomb :
_ba hide-and-seek puzzle book /
_c illustrated by The Brothers Hildebrandt.
260 _aMartinez, CA :
_bThe Unicorn Publishing House, Inc,
_cc1993.
300 _a50 p. :
_bcol. ill. ;
_c28.8 cm.
942 _2lcc
_cBK
999 _c12585
_d12585